[Event "BAN-chB 47th"]
[Site "Dhaka"]
[Date "2022.11.02"]
[Round "7"]
[White "Rabby, Salim"]
[Black "Hossain, Enayet Mohammed"]
[Result "0-1"]
[WhiteElo "1838"]
[BlackElo "1938"]
[PlyCount "106"]
[EventDate "2022.10.27"]
[EventType "swiss"]
[EventRounds "11"]
[EventCountry "BAN"]
[SourceTitle "EXT 2024"]
[Source "ChessBase"]
[SourceDate "2023.10.10"]
[SourceVersion "1"]
[SourceVersionDate "2023.10.10"]
[SourceQuality "1"]

1. d4 c5 2. dxc5 e6 3. Nf3 Bxc5 4. Nc3 d5 5. e4 d4 6. Bb5+ Nc6 7. Bxc6+ bxc6 8. Ne2 Qb6 9. 0-0 Ba6 10. a3 Rd8 11. b4 Be7 12. Bb2 c5 13. e5 Nh6 14. Re1 Nf5 15. Qc1 Bb7 16. Qf4 h6 17. Ng3 g5 18. Qc1 Nxg3 19. hxg3 g4 20. Nd2 c4 21. c3 Bg5 22. Qd1 dxc3 23. Bxc3 Rd3 24. Qa4+ Bc6 25. Qc2 Bxd2 26. Bxd2 Rxg3 27. Re4 Bxe4 28. Qxe4 Rd3 29. Be3 Qd8 30. Qxc4 g3 31. Qc6+ Kf8 32. Bc5+ Kg7 33. fxg3 Rd1+ 34. Rxd1 Qxd1+ 35. Kf2 Qd2+ 36. Kf3 Qc3+ 37. Kg4 Rg8 38. Kh4 Qa1 39. Qe4 Qh1+ 40. Kg4 Kh8+ 41. Kf3 Qd1+ 42. Kf2 Rg5 43. Be3 Rf5+ 44. Bf4 Kg7 45. Qc4 Rh5 46. g4 Rh1 47. Be3 Qe1+ 48. Kf3 Rf1+ 49. Ke4 Qb1+ 50. Kd4 Rd1+ 51. Kc5 Rd8 52. Qf4 Qc2+ 53. Kb5 Rb8+ 0-1

[Event "BAN-chB 43rd"]
[Site "Dhaka"]
[Date "2017.11.09"]
[Round "3"]
[White "Abu Sufian, Sakil"]
[Black "Hossain, Enayet Mohammed"]
[Result "1/2-1/2"]
[WhiteElo "2322"]
[BlackElo "2056"]
[PlyCount "63"]
[EventDate "2017.11.07"]
[EventType "swiss"]
[EventRounds "11"]
[EventCountry "BAN"]
[SourceTitle "CBM 181 Extra"]
[Source "ChessBase"]
[SourceDate "2017.12.12"]
[SourceVersion "1"]
[SourceVersionDate "2017.12.12"]
[SourceQuality "1"]

1. e4 d6 2. d4 Nd7 3. Nc3 e5 4. Nf3 h6 5. Bc4 c6 6. a4 Be7 7. 0-0 Ngf6 8. Re1 Qc7 9. h3 Nf8 10. a5 g5 11. Nh2 Ng6 12. Be2 Nf4 13. Bxf4 gxf4 14. Ng4 Nxg4 15. Bxg4 Bf6 16. d5 a6 17. Bxc8 Rxc8 18. dxc6 bxc6 19. Qd3 Ra8 20. Na4 Rg8 21. Nb6 Ra7 22. Rad1 Be7 23. b4 Rg6 24. c4 Kf8 25. b5 axb5 26. cxb5 cxb5 27. Qxb5 Bh4 28. Rc1 Qe7 29. Rc8+ Kg7 30. Qe8 Qxe8 31. Rxe8 Re6 32. Rc8 1/2-1/2

[Event "Dhaka Powertec op-A"]
[Site "Dhaka"]
[Date "2017.07.19"]
[Round "5"]
[White "Ahmed, Mahtabuddin"]
[Black "Hossain, Enayet Mohammed"]
[Result "1-0"]
[WhiteElo "2137"]
[BlackElo "2060"]
[PlyCount "111"]
[EventDate "2017.07.15"]
[EventType "swiss"]
[EventRounds "9"]
[EventCountry "BAN"]
[SourceTitle "EXT 2018"]
[Source "ChessBase"]
[SourceDate "2017.10.13"]
[SourceVersion "1"]
[SourceVersionDate "2017.10.13"]
[SourceQuality "1"]

1. Nf3 d5 2. d4 Bf5 3. c4 dxc4 4. Nc3 Nf6 5. e3 e6 6. Bxc4 Nbd7 7. 0-0 Nb6 8. Bd3 Bxd3 9. Qxd3 Be7 10. e4 h6 11. Rd1 0-0 12. Qe2 Nh7 13. Be3 c6 14. d5 exd5 15. exd5 Nxd5 16. Nxd5 cxd5 17. Qb5 Nf6 18. Qxb7 Rb8 19. Qxa7 Rxb2 20. Bd4 Rb5 21. Ne5 Bd6 22. h3 Ne4 23. Qa6 Ra5 24. Qe2 Ra4 25. Nf3 Qa8 26. Rd3 Rc8 27. g3 Rcc4 28. Qb2 Qc8 29. Qb5 Qxh3 30. Qxd5 Nxg3 31. fxg3 Qxg3+ 32. Kf1 Rc2 33. Ne1 Qf4+ 34. Rf3 Rxd4 35. Qa8+ Kh7 36. Nxc2 Qh4 37. Nxd4 Qh1+ 38. Ke2 Qxa1 39. Qa4 Be5 40. Qc2+ Kg8 41. Nb3 Qg1 42. Qc8+ Kh7 43. Qf5+ Kg8 44. Qxe5 Qg4 45. Qe8+ Kh7 46. Qxf7 Qe4+ 47. Kd2 Qb4+ 48. Kc2 Qe4+ 49. Kb2 Qe5+ 50. Rc3 Qe2+ 51. Rc2 Qe5+ 52. Kb1 h5 53. a4 h4 54. Qf3 Qe1+ 55. Ka2 Qb4 56. Qh5+ 1-0

[Event "Dhaka SGS op"]
[Site "Dhaka"]
[Date "2017.06.07"]
[Round "5"]
[White "Chowdhury, Shamsul Kabir"]
[Black "Hossain, Enayet Mohammed"]
[Result "0-1"]
[WhiteElo "1869"]
[BlackElo "2056"]
[PlyCount "76"]
[EventDate "2017.06.03"]
[EventType "swiss"]
[EventRounds "9"]
[EventCountry "BAN"]
[SourceTitle "EXT 2019"]
[Source "ChessBase"]
[SourceDate "2018.10.10"]
[SourceVersion "1"]
[SourceVersionDate "2018.10.10"]
[SourceQuality "1"]

1. d4 Nf6 2. c4 c6 3. Nc3 d5 4. Bf4 e6 5. e3 Nbd7 6. c5 Be7 7. Bd3 Nf8 8. h3 h6 9. Nf3 g5 10. Bh2 Qa5 11. Ne5 N8d7 12. a3 Qd8 13. b4 Nxe5 14. Bxe5 Rg8 15. g4 b6 16. f4 gxf4 17. Bxf4 bxc5 18. bxc5 Qa5 19. Qd2 h5 20. g5 Nd7 21. h4 e5 22. Bg3 Rb8 23. Rb1 Rxb1+ 24. Nxb1 Qxd2+ 25. Nxd2 Kd8 26. Bf5 exd4 27. exd4 f6 28. Nf3 Nf8 29. Bxc8 Kxc8 30. gxf6 Bxf6 31. Bf2 Ne6 32. Ke2 Rg4 33. Kd3 Rf4 34. Ke3 Bxd4+ 35. Nxd4 Rxd4 36. Rg1 Ra4 37. Rg8+ Kd7 38. Rh8 Rxa3+ 0-1

[Event "BAN-chB 42nd"]
[Site "Dhaka"]
[Date "2016.10.22"]
[Round "3"]
[White "Hasan Md, Emam"]
[Black "Hossain, Enayet Mohammed"]
[Result "1/2-1/2"]
[WhiteElo "2117"]
[BlackElo "2035"]
[PlyCount "81"]
[EventDate "2016.10.20"]
[EventType "swiss"]
[EventRounds "11"]
[EventCountry "BAN"]
[SourceTitle "CBM 175 Extra"]
[Source "ChessBase"]
[SourceDate "2016.12.12"]
[SourceVersion "1"]
[SourceVersionDate "2016.12.12"]
[SourceQuality "1"]

1. e4 d6 2. d3 e5 3. g3 Nc6 4. Bg2 Nf6 5. h3 Be7 6. Ne2 0-0 7. 0-0 d5 8. Nd2 Be6 9. f4 dxe4 10. dxe4 exf4 11. gxf4 Bc5+ 12. Kh1 Nh5 13. f5 Nd4 14. Rf3 Nxf3 15. Bxf3 Qh4 16. Qf1 Bd7 17. Nb3 Bb6 18. Bd2 Bb5 19. Qg2 Bxe2 20. Bxe2 Ng3+ 21. Kh2 Nxe4 22. Rf1 Nxd2 23. Nxd2 c6 24. Nf3 Bc7+ 25. Kh1 Qg3 26. Qxg3 Bxg3 27. h4 Rfe8 28. Bc4 b5 29. Bd3 f6 30. h5 Kf7 31. Nd4 Rac8 32. Ne6 Bh4 33. Rg1 Rxe6 34. fxe6+ Kxe6 35. Bxh7 f5 36. Rd1 c5 37. Rf1 f4 38. Rd1 Ke5 39. Kg2 Rc7 40. Kf3 a5 41. Be4 1/2-1/2

[Event "Dhaka op"]
[Site "Dhaka"]
[Date "2016.07.01"]
[Round "8"]
[White "Sarbojit, Paul"]
[Black "Hossain, Enayet Mohammed"]
[Result "1-0"]
[WhiteElo "1882"]
[BlackElo "2086"]
[PlyCount "37"]
[EventDate "2016.06.24"]
[EventType "swiss"]
[EventRounds "9"]
[EventCountry "BAN"]
[SourceTitle "EXT 2017"]
[Source "ChessBase"]
[SourceDate "2016.10.25"]
[SourceVersion "1"]
[SourceVersionDate "2016.10.25"]
[SourceQuality "1"]

1. d4 d5 2. c4 c5 3. cxd5 Qxd5 4. Nf3 cxd4 5. Nc3 Qc5 6. Nxd4 e5 7. Nb3 Qc6 8. e3 a6 9. Be2 Nf6 10. Bf3 Qc4 11. Bd2 Nc6 12. Be2 Qh4 13. 0-0 Be6 14. f4 exf4 15. exf4 Rd8 16. g3 Qh3 17. Qe1 Bg4 18. Bxg4+ Be7 19. Bxh3 1-0

[Event "BAN-chB 41st"]
[Site "Dhaka"]
[Date "2015.10.18"]
[Round "4"]
[White "Ahmed, Sk Nasir"]
[Black "Hossain, Enayet Mohammed"]
[Result "1-0"]
[WhiteElo "2297"]
[BlackElo "2102"]
[PlyCount "45"]
[EventDate "2015.10.15"]
[EventType "swiss"]
[EventRounds "11"]
[EventCountry "BAN"]
[SourceTitle "CBM 169 Extra"]
[Source "ChessBase"]
[SourceDate "2015.12.18"]
[SourceVersion "1"]
[SourceVersionDate "2015.12.18"]
[SourceQuality "1"]

1. e4 d6 2. d4 Nf6 3. Nc3 Nbd7 4. f4 e6 5. Nf3 Be7 6. Bd3 Nb6 7. 0-0 d5 8. e5 Nfd7 9. f5 Nf8 10. f6 gxf6 11. exf6 Bxf6 12. Ne5 Bxe5 13. dxe5 c6 14. Qh5 Qc7 15. Nb5 cxb5 16. Bxb5+ Bd7 17. Qxf7+ Kd8 18. Bg5+ Kc8 19. Qxf8+ Be8 20. Qxh8 Qc5+ 21. Kh1 Qxb5 22. Rf7 Kb8 23. Re7 1-0

[Event "BAN-chT"]
[Site "Dhaka"]
[Date "2014.11.19"]
[Round "8"]
[White "Hossain, Enayet Mohammed"]
[Black "Masum, Hossain"]
[Result "1-0"]
[WhiteElo "2058"]
[BlackElo "2163"]
[PlyCount "60"]
[EventDate "2014.11.12"]
[EventType "team-tourn"]
[EventRounds "9"]
[EventCountry "BAN"]
[SourceTitle "CBM 163 Extra"]
[Source "ChessBase"]
[SourceDate "2014.12.23"]
[SourceVersion "1"]
[SourceVersionDate "2014.12.23"]
[SourceQuality "1"]
[WhiteTeam "Civil Defense"]
[BlackTeam "Bangladesh Navy U20"]
[WhiteTeamCountry "BAN"]
[BlackTeamCountry "BAN"]

1. d4 Nf6 2. Bg5 d5 3. Nf3 Ne4 4. h4 c5 5. c3 Nc6 6. dxc5 f6 7. Be3 e5 8. b4 a5 9. b5 Na7 10. a4 Bg4 11. c6 bxc6 12. b6 c5 13. bxa7 Rxa7 14. Nfd2 Nxd2 15. Bxd2 Bd6 16. Qb3 Be7 17. e4 dxe4 18. Na3 Kf8 19. Bb5 h5 20. Nc2 Qd6 21. Ne3 Be6 22. Bc4 Bc8 23. Rd1 f5 24. Bc1 Qc6 25. Qb8 Rb7 26. Qxe5 Bf6 27. Qf4 Bxc3+ 28. Ke2 g6 29. Rd8+ Kg7 30. Rxh8 Kxh8 1-0

[Event "BAN-chT"]
[Site "Dhaka"]
[Date "2014.11.13"]
[Round "2"]
[White "Hossain, Enayet Mohammed"]
[Black "Nasir, SAM"]
[Result "1-0"]
[WhiteElo "2058"]
[BlackElo "2097"]
[PlyCount "55"]
[EventDate "2014.11.12"]
[EventType "team-tourn"]
[EventRounds "9"]
[EventCountry "BAN"]
[SourceTitle "EXT 2015"]
[Source "ChessBase"]
[SourceDate "2014.11.20"]
[SourceVersion "1"]
[SourceVersionDate "2014.11.20"]
[SourceQuality "1"]
[WhiteTeam "Civil Defense"]
[BlackTeam "Narayanganj"]
[WhiteTeamCountry "BAN"]
[BlackTeamCountry "BAN"]

1. d4 Nf6 2. Bg5 g6 3. Nd2 Bg7 4. e4 d6 5. c3 0-0 6. Be2 Nbd7 7. h4 h6 8. Be3 e5 9. d5 c6 10. c4 cxd5 11. cxd5 Qa5 12. Qb1 Nh5 13. Bxh5 gxh5 14. Ne2 f5 15. b4 Qd8 16. exf5 Nb6 17. Ng3 e4 18. Nxh5 Bxa1 19. Qxa1 Qe7 20. Rh3 Qe5 21. Rg3+ Kf7 22. Rg7+ Ke8 23. Qxe5+ dxe5 24. g4 Rf7 25. Rg8+ Kd7 26. Bxb6 axb6 27. Nc4 Kc7 28. d6+ 1-0

[Event "BAN-chT"]
[Site "Dhaka"]
[Date "2014.11.12"]
[Round "1"]
[White "Mohammad, Minhaz Uddin"]
[Black "Hossain, Enayet Mohammed"]
[Result "1-0"]
[WhiteElo "2421"]
[BlackElo "2058"]
[PlyCount "133"]
[EventDate "2014.11.12"]
[EventType "team-tourn"]
[EventRounds "9"]
[EventCountry "BAN"]
[SourceTitle "EXT 2015"]
[Source "ChessBase"]
[SourceDate "2014.11.20"]
[SourceVersion "1"]
[SourceVersionDate "2014.11.20"]
[SourceQuality "1"]
[WhiteTeam "Bangladesh Navy"]
[BlackTeam "Civil Defense"]
[WhiteTeamCountry "BAN"]
[BlackTeamCountry "BAN"]

1. e4 d5 2. exd5 Qxd5 3. Nc3 Qd8 4. d4 c6 5. Bc4 Nf6 6. Nf3 e6 7. Qe2 Bb4 8. Bg5 Bxc3+ 9. bxc3 Qa5 10. Bd2 0-0 11. Ne5 Nbd7 12. f4 Nd5 13. 0-0 f5 14. Bb3 Qc7 15. Nf3 N7f6 16. Ng5 Re8 17. c4 Nb6 18. c5 Nbd5 19. c4 Ne7 20. Bc2 Ng6 21. g3 Bd7 22. a4 Rad8 23. Bc3 Bc8 24. a5 a6 25. h3 h6 26. Nf3 Nh5 27. Qf2 Qe7 28. Rae1 Qf7 29. Re3 Re7 30. Rfe1 Rde8 31. Nd2 Nf8 32. Nf3 Ng6 33. Bd1 Nf6 34. Nd2 Nf8 35. Nf3 Ng6 36. Bb2 Nd7 37. Bc2 Ndf8 38. Bd3 Nh7 39. Kf1 Kf8 40. Ke2 Nf6 41. Kd1 Rd8 42. Kc2 Ree8 43. Kb3 Qc7 44. Ne5 Nxe5 45. fxe5 Ng8 46. g4 g6 47. gxf5 exf5 48. e6 Qh7 49. Re5 Ne7 50. h4 h5 51. Bc1 Kg8 52. Bg5 Rf8 53. Rg1 Rde8 54. Kb4 Kh8 55. d5 cxd5 56. Bxe7 Rxe7 57. cxd5 Rf6 58. Qd4 Qg7 59. Bc4 Kh7 60. d6 Rexe6 61. Bxe6 Rxe6 62. Rge1 Bd7 63. Kc3 Qg8 64. Rxe6 Bxe6 65. d7 Qd8 66. Rxe6 Qxa5+ 67. Kb2 1-0

[Event "BAN-chT"]
[Site "Dhaka"]
[Date "2013.11.09"]
[Round "8"]
[White "Hossain, Enayet Mohammed"]
[Black "Volkov, Sergey"]
[Result "0-1"]
[WhiteElo "2106"]
[BlackElo "2615"]
[PlyCount "36"]
[EventDate "2013.11.02"]
[EventType "team-tourn"]
[EventRounds "9"]
[EventCountry "BAN"]
[SourceTitle "CBM 157 Extra"]
[Source "ChessBase"]
[SourceDate "2013.12.19"]
[SourceVersion "1"]
[SourceVersionDate "2013.12.19"]
[SourceQuality "1"]

1. d4 d5 2. Bg5 f6 3. Bh4 Nh6 4. f3 Nc6 5. c3 e5 6. dxe5 Nxe5 7. e4 Be6 8. Qd4 dxe4 9. Qxe4 Nf5 10. Qxe5 fxe5 11. Bxd8 Rxd8 12. Bb5+ c6 13. Ba4 Ne3 14. g3 b5 15. Ke2 Bc4+ 16. Kxe3 Bc5+ 17. Ke4 Bd3+ 18. Kxe5 Rf8 0-1

[Event "GBR-ch Major op 95th"]
[Site "Liverpool"]
[Date "2008.08.07"]
[Round "10"]
[White "Taylor, Edward H"]
[Black "Hossain, Enayet Mohammed"]
[Result "1-0"]
[WhiteElo "2067"]
[BlackElo "2189"]
[PlyCount "67"]
[EventDate "2008.07.28"]
[EventType "swiss"]
[EventRounds "11"]
[EventCountry "ENG"]
[SourceTitle "CBM 125 Extra"]
[Source "ChessBase"]
[SourceDate "2008.09.01"]
[SourceVersion "1"]
[SourceVersionDate "2008.09.01"]
[SourceQuality "1"]

1. d4 d5 2. Bg5 Bf5 3. c4 Nc6 4. Nc3 dxc4 5. e4 Bc8 6. d5 Ne5 7. Bf4 Nd3+ 8. Bxd3 cxd3 9. Nb5 e5 10. Bxe5 Qe7 11. Nxc7+ Kd8 12. Nf3 Qb4+ 13. Nd2 Rb8 14. Ne6+ fxe6 15. Bxb8 exd5 16. 0-0 dxe4 17. Re1 Nf6 18. Nxe4 Nxe4 19. Qxd3+ Nd6 20. Rad1 Bf5 21. Qe3 Bd7 22. Rd3 Qb6 23. Qd2 Kc8 24. Bxd6 Bxd6 25. Rxd6 Bc6 26. Rc1 Kb8 27. b4 a6 28. a4 Re8 29. b5 axb5 30. axb5 Qxb5 31. Rd8+ Ka7 32. Ra1+ Kb6 33. Qd4+ Kc7 34. Qd6+ 1-0